Представление документа в формате RUSMARC

ПолеНазваниеЗначение
  Тип записи i
  Библиографический уровень m
001 Контрольный номер RU\NLR\BIBL_A\011777362
005 Дата корректировки 20260616094925.1
010 Индекс ISBN __
a ISBN 978-5-9677-2604-0
b Уточнения в кор.
d Цена 227-00
100 Данные общей обработки __
a Данные общей обработки 20180824d2017 u y0rusy0189 ca
101 Язык документа 0_
a Язык текста rus
102 Страна публикации __
a Страна публикации RU
106 Кодированные данные (форма документа) __
a Кодированные данные для формы документа (Обозначение носителя) s
125 Кодированные данные звукозаписи и нотных изданий __
b Определитель литературного текста с
126 Кодированные данные (звукозаписи-физические характеристики) __
a Кодированные данные звукозаписи (общие) аgbхhхх сd
127 Кодированные данные (звукозаписи-физические характеристики) __
a Продолжительность проигрывания 1807##
135 Кодированные данные (электронные ресурсы) __
a Кодированные данные (электронные ресурсы) hongannnauuuu
139 Кодированные данные (электронные ресурсы) __
a Кодированные данные (электронные ресурсы) caz
181 Поле кодированных данных: вид содержания _0
a Код вида содержания (ISBD) h
182 Поле кодированных данных: тип средства _0
a Код типа средства (ISBD) a
200 Заглавие и сведения об ответственности 1_
a Заглавие Киндрэт. Основатель
f Первые сведения об ответственности Алексей Пехов, Елена Бычкова, Наталья Турчанинова
g Последующие сведения об ответственности читает Максим Зингаев
g Последующие сведения об ответственности звукорежиссер: Антон Овчинников
g Последующие сведения об ответственности продюсер Константин Барышев
e Сведения, относящиеся к заглавию [аудиокнига]
203 Вид содержания и тип средства __
a Вид содержания Устная речь
c Тип средства аудио
210 Выходные данные 1_
a Место издания Москва
c Издательство 1С-Паблишинг
d Дата издания 2017
215 Физическое описание __
a Объем 2 электрон. опт. диска (CD-ROM) (18 ч. 07 мин.)
c Иллюстрации/тип воспроизводства зв.
d Формат 12 см
225 Серия 1_
a Серия 1С: Аудиокниги
225 Серия 1_
a Серия Фэнтези
300 Общие примечания __
a Общие примечания Заглавие с этикетки диска
300 Общие примечания __
a Общие примечания Данные в формате MP3
300 Общие примечания __
a Общие примечания Книга 3 из цикла "Киндрэт"
330 Аннотация __
a Аннотация Создатели этой книги – известные российские фантасты, члены Союза писателей России Алексей Юрьевич Пехов, Елена Александровна Бычкова и Наталья Владимировна Турчанинова. Слушателям предлагается третья книга из цикла "Киндрэт". "Его появления никто не ждал. Он слишком долго был всего лишь легендой, и кровные братья успели забыть предостережения древности. Ни один из кланов не готов к его приходу. Никто не знает, что принесёт Основатель в Столицу – новую войну или сплочение для всех киндрэт. Процветание или разрушение. И лишь те, кто думает, будто понимает его истинную природу, готовятся к самому страшному…"
333 Примечание о целевом назначении __
a Примечание о целевом назначении 16+. Для детей старше 16 лет
337 Примечание о системных требованиях (электронные ресурсы) __
a Примечание о системных требованиях (электронные ресурсы) Системные требования: персональный компьютер ; MS Windows 95/98/2000/XP/Vista/7/8/10 ; Pentium 100 ; ОЗУ 16 Мб ; монитор SVGA, 800x600 ; устройство чтения CD/DVD-ROM ; звуковая карта ; колонки или наушники ; мышь
488 Другие взаимосвязанные работы _0
1 2001
a Киндрэт
e цикл
517 Другие варианты заглавия 1_
a Другие варианты заглавия Основатель
606 Тематические рубрики __
a Основная рубрика Художественная литература
606 Тематические рубрики __
a Основная рубрика Современная русская литература (произведения)
610 Ключевые слова 0_
a Ключевые слова фэнтези
610 Ключевые слова 0_
a Ключевые слова фэнтези
610 Ключевые слова 0_
a Ключевые слова городское фэнтези
610 Ключевые слова 0_
a Ключевые слова тема вампиров
610 Ключевые слова 0_
a Ключевые слова вампиры
610 Ключевые слова 0_
a Ключевые слова тема древних цивилизаций
610 Ключевые слова 0_
a Ключевые слова русское фэнтези
610 Ключевые слова 0_
a Ключевые слова боевое фэнтези
686 Индексы других классификаций __
a Классификационный индекс 84(2=411.2)6-445я04; ст84(2=411.2)6-445я0
2 Код системы rubbks
700 Автор _1
a Фамилия Пехов
b Имя А. Ю.
f Даты 1978-
g Полное личное имя Алексей Юрьевич
3 Контрольный № нормативной записи RU\NLR\AUTH\770154803
4 Код отношения 070
701 Альтернативная интеллектуальная ответственность _1
a Фамилия Бычкова
b Имя Е. А.
g Полное личное имя Елена Александровна
3 Контрольный № нормативной записи RU\NLR\AUTH\7746783
f Даты 1976-
4 Код отношения 070
701 Альтернативная интеллектуальная ответственность _1
a Фамилия Турчанинова
b Имя Н. В.
g Полное личное имя Наталья Владимировна
3 Контрольный № нормативной записи RU\NLR\AUTH\7746775
f Даты 1976-
4 Код отношения 070
702 Вторичная интеллектуальная ответственность _1
a Фамилия Зингаев
b Имя М.
g Полное личное имя Максим
4 Код отношения 590
702 Вторичная интеллектуальная ответственность _1
a Фамилия Овчинников
b Имя А.
g Полное личное имя Антон
4 Код отношения 570
702 Вторичная интеллектуальная ответственность _1
a Фамилия Барышев
b Имя К.
g Полное личное имя Константин
4 Код отношения 665
801 Источник записи _0
a Страна RU
b Организация NLR
c Дата составления 20180824
g Правила каталогизации PSBO
801 Источник записи _1
a Страна RU
b Организация NLR
c Дата составления 20180824
2 Код формата rusmarc
g Правила каталогизации PSBO
801 Источник записи _2
a Страна RU
b Организация NLR
c Дата составления 20181011
2 Код формата rusmarc
g Правила каталогизации PSBO
852 Данные о местонахождении __
i Авторский знак П 31
j Шифр хранения 84(2=411.2)6-445я04
899 Данные о местонахождении __
a Местонахождение ЦБС Сургут
900 Макрообъекты __
a Макрообъекты Киндрэт. Основатель, 2017 г. (эл. ресурс)
901 Тип документа __
t Тип документа 0
901 Тип документа __
a Ответственный КиК/Мамарузиева
903 Характеристики (МАРС) __
a Дата передачи 20210208
c Наименование библиотеки (МАРС) Муниципальное бюджетное учреждение культуры "Централизованная библиотечная система" г. Сургут (Центральная городская библиотека им. А. С. Пушкина)
969 Тип издания __
a Тип издания издание для детей
a Тип издания издание для слепых
a Тип издания аудиокнига
990 Данные о заказе (DOS) __
j Количество экземпляров (DOS) 2
t N записи в КСУ для И/У (DOS) 202102